[Event "DEM U16 2022"]
[Site "Willingen GER"]
[Date "2022.06.07"]
[Round "4"]
[White "Bock, Marlon"]
[Black "Spriestersbach, Kai"]
[Result "0-1"]
[Termination "normal"]
[Board "13"]
[WhiteElo "1816"]
[BlackElo "1948"]
[WhiteClock "00:03:17"]
[BlackClock "00:02:53"]
[PlyCount "140"]
[WhiteFideId "16244931"]
[BlackFideId "16269985"]
[EventCountry "GER"]
[EventRounds "9"]
[EventType "swiss"]
[EventDate "2022.06.04"]

1. d4 {[%clk 1:30:57]} Nf6 {[%clk 1:30:52]} 2. Nf3 {[%clk 1:31:23]} g6 {[%clk
1:31:16]} 3. Nc3 {[%clk 1:31:49]} d5 {[%clk 1:31:42]} 4. Bf4 {[%clk 1:31:41]}
Bg7 {[%clk 1:31:52]} 5. Qd2 {[%clk 1:31:36]} O-O {[%clk 1:32:01]} 6. Bh6 {[%clk
1:31:19]} Qd6 {[%clk 1:32:06]} 7. Bxg7 {[%clk 1:27:06]} Kxg7 {[%clk 1:31:41]}
8. Rd1 {[%clk 1:23:03]} c6 {[%clk 1:29:48]} 9. e3 {[%clk 1:19:33]} Nbd7 {[%clk
1:27:39]} 10. Be2 {[%clk 1:13:01]} b5 {[%clk 1:26:23]} 11. O-O {[%clk 1:05:54]}
b4 {[%clk 1:25:33]} 12. Na4 {[%clk 1:00:14]} Ne4 {[%clk 1:24:12]} 13. Qc1
{[%clk 0:59:21]} Nb6 {[%clk 1:21:24]} 14. Nxb6 {[%clk 0:54:54]} axb6 {[%clk
1:21:43]} 15. Qb1 {[%clk 0:54:45]} Bg4 {[%clk 1:18:11]} 16. h3 {[%clk 0:52:01]}
Bxf3 {[%clk 1:17:58]} 17. Bxf3 {[%clk 0:51:30]} Ng5 {[%clk 1:16:25]} 18. Be2
{[%clk 0:48:57]} Ra5 {[%clk 1:15:39]} 19. c3 {[%clk 0:39:42]} bxc3 {[%clk
1:14:44]} 20. bxc3 {[%clk 0:39:20]} b5 {[%clk 1:14:34]} 21. Bd3 {[%clk
0:31:02]} f5 {[%clk 1:12:56]} 22. f4 {[%clk 0:28:13]} Nf7 {[%clk 1:11:10]} 23.
Rf2 {[%clk 0:26:59]} Qe6 {[%clk 1:07:31]} 24. Re2 {[%clk 0:25:53]} Nd6 {[%clk
1:05:56]} 25. Rdd2 {[%clk 0:24:31]} Rfa8 {[%clk 1:05:24]} 26. Rb2 {[%clk
0:23:07]} R8a6 {[%clk 1:04:10]} 27. Kf2 {[%clk 0:20:47]} Qc8 {[%clk 1:03:27]}
28. Ke1 {[%clk 0:19:34]} Ra3 {[%clk 1:00:35]} 29. Rec2 {[%clk 0:16:16]} Qc7
{[%clk 0:59:46]} 30. Rb3 {[%clk 0:15:39]} R3a5 {[%clk 0:59:37]} 31. Rbb2 {[%clk
0:15:23]} Ra8 {[%clk 0:58:47]} 32. Kd2 {[%clk 0:14:46]} Qa7 {[%clk 0:59:03]}
33. Ke1 {[%clk 0:14:27]} Ra3 {[%clk 0:59:21]} 34. Kd2 {[%clk 0:14:30]} Qa5
{[%clk 0:59:46]} 35. Qa1 {[%clk 0:14:02]} Ra7 {[%clk 0:59:27]} 36. Qb1 {[%clk
0:14:11]} e6 {[%clk 0:57:58]} 37. Qa1 {[%clk 0:12:41]} Qd8 {[%clk 0:54:13]} 38.
Qe1 {[%clk 0:10:18]} R7a5 {[%clk 0:41:14]} 39. Ke2 {[%clk 0:07:52]} Qd7 {[%clk
0:38:33]} 40. Qb1 {[%clk 0:05:07]} Qa7 {[%clk 0:34:55]} 41. Kd2 {[%clk
0:02:28]} R5a4 {[%clk 0:31:48]} 42. Qa1 {[%clk 0:29:22]} Qa5 {[%clk 1:01:34]}
43. Qb1 {[%clk 0:28:46]} Qa8 {[%clk 0:59:04]} 44. Qa1 {[%clk 0:27:29]} Ra5
{[%clk 0:59:17]} 45. Qb1 {[%clk 0:27:05]} Qa7 {[%clk 0:59:36]} 46. Ke2 {[%clk
0:21:38]} Qa8 {[%clk 0:55:47]} 47. Kd2 {[%clk 0:21:17]} Ra7 {[%clk 0:56:02]}
48. Ke2 {[%clk 0:20:50]} Qd8 {[%clk 0:55:41]} 49. Qe1 {[%clk 0:20:09]} R3a6
{[%clk 0:55:23]} 50. Kd2 {[%clk 0:19:45]} Kg8 {[%clk 0:54:07]} 51. Kd1 {[%clk
0:19:13]} Nc8 {[%clk 0:53:11]} 52. g3 {[%clk 0:17:26]} Nb6 {[%clk 0:52:07]} 53.
Qd2 {[%clk 0:16:30]} Rg7 {[%clk 0:48:37]} 54. Qe1 {[%clk 0:15:28]} Qd6 {[%clk
0:48:02]} 55. Rg2 {[%clk 0:14:37]} Ra3 {[%clk 0:45:39]} 56. g4 {[%clk 0:13:59]}
Ra8 {[%clk 0:39:37]} 57. Qg1 {[%clk 0:13:17]} Raa7 {[%clk 0:37:22]} 58. h4
{[%clk 0:12:58]} Nc4 {[%clk 0:35:50]} 59. Bxc4 {[%clk 0:12:20]} dxc4 {[%clk
0:36:14]} 60. h5 {[%clk 0:11:39]} Kf7 {[%clk 0:33:33]} 61. hxg6+ {[%clk
0:10:52]} hxg6 {[%clk 0:33:53]} 62. g5 {[%clk 0:10:48]} Qd5 {[%clk 0:33:03]}
63. Rh2 {[%clk 0:09:26]} Ra3 {[%clk 0:29:15]} 64. Rbc2 {[%clk 0:08:51]} Ke7
{[%clk 0:14:20]} 65. Qh1 {[%clk 0:07:42]} Kd6 {[%clk 0:14:11]} 66. Rhg2 {[%clk
0:06:48]} Qf3+ {[%clk 0:09:41]} 67. Kc1 {[%clk 0:04:36]} Qxe3+ {[%clk 0:06:46]}
68. Kb1 {[%clk 0:04:32]} Qf3 {[%clk 0:02:13]} 69. Qh8 {[%clk 0:04:09]} Qf1+
{[%clk 0:02:36]} 70. Kb2 {[%clk 0:03:17]} Rxa2+ {[%clk 0:02:53]} 0-1

[Event "DEM U16 2022"]
[Site "Willingen GER"]
[Date "2022.06.07"]
[Round "4"]
[White "Guo, Philipp Ziming"]
[Black "Ehrig, Leon Chris"]
[Result "1-0"]
[Termination "normal"]
[Board "15"]
[WhiteElo "1825"]
[BlackElo "1890"]
[WhiteClock "00:03:03"]
[BlackClock "00:00:32"]
[PlyCount "73"]
[WhiteFideId "16245199"]
[BlackFideId "16244796"]
[EventCountry "GER"]
[EventRounds "9"]
[EventType "swiss"]
[EventDate "2022.06.04"]

1. e4 {[%clk 1:30:56]} c5 {[%clk 1:30:59]} 2. Nf3 {[%clk 1:31:15]} Nc6 {[%clk
1:31:21]} 3. d4 {[%clk 1:31:37]} cxd4 {[%clk 1:31:45]} 4. Nxd4 {[%clk 1:31:57]}
e5 {[%clk 1:31:57]} 5. Nb5 {[%clk 1:32:10]} d6 {[%clk 1:32:22]} 6. N1c3 {[%clk
1:32:11]} a6 {[%clk 1:32:34]} 7. Na3 {[%clk 1:32:32]} Be7 {[%clk 1:31:57]} 8.
Nc4 {[%clk 1:24:08]} Be6 {[%clk 1:24:19]} 9. Nd5 {[%clk 1:12:46]} Bxd5 {[%clk
1:18:18]} 10. exd5 {[%clk 1:12:35]} Nb8 {[%clk 1:14:04]} 11. Bd3 {[%clk
1:05:34]} Nf6 {[%clk 0:55:40]} 12. Ne3 {[%clk 0:59:38]} Nbd7 {[%clk 0:48:13]}
13. O-O {[%clk 0:55:25]} Qc7 {[%clk 0:44:12]} 14. c4 {[%clk 0:49:50]} g6 {[%clk
0:39:24]} 15. Bd2 {[%clk 0:43:54]} O-O {[%clk 0:36:41]} 16. Rc1 {[%clk
0:37:07]} Ne8 {[%clk 0:26:45]} 17. b4 {[%clk 0:30:43]} b6 {[%clk 0:19:49]} 18.
Qb3 {[%clk 0:23:50]} f5 {[%clk 0:18:32]} 19. f3 {[%clk 0:23:32]} Nef6 {[%clk
0:16:00]} 20. Qb1 {[%clk 0:23:14]} Nh5 {[%clk 0:14:53]} 21. Nd1 {[%clk
0:19:50]} Qd8 {[%clk 0:14:17]} 22. Nf2 {[%clk 0:17:06]} Bg5 {[%clk 0:14:08]}
23. Qc2 {[%clk 0:16:53]} Rc8 {[%clk 0:12:46]} 24. Qb2 {[%clk 0:14:40]} Qe7
{[%clk 0:11:04]} 25. Rfe1 {[%clk 0:13:13]} Qf6 {[%clk 0:10:14]} 26. g3 {[%clk
0:11:09]} Rce8 {[%clk 0:08:14]} 27. Nh3 {[%clk 0:10:09]} Bxd2 {[%clk 0:07:53]}
28. Qxd2 {[%clk 0:10:34]} e4 {[%clk 0:03:05]} 29. fxe4 {[%clk 0:09:27]} fxe4
{[%clk 0:00:50]} 30. Bxe4 {[%clk 0:05:54]} Rxe4 {[%clk 0:00:43]} 31. Rxe4
{[%clk 0:06:09]} Ne5 {[%clk 0:00:44]} 32. Qe2 {[%clk 0:05:28]} Qf5 {[%clk
0:00:31]} 33. Kg2 {[%clk 0:04:47]} Nf6 {[%clk 0:00:42]} 34. Rf4 {[%clk
0:04:05]} Qd7 {[%clk 0:00:43]} 35. Rcf1 {[%clk 0:03:49]} Neg4 {[%clk 0:00:41]}
36. Ng5 {[%clk 0:03:03]} Re8 {[%clk 0:00:32]} 37. Ne6 1-0

[Event "DEM U16 2022"]
[Site "Willingen GER"]
[Date "2022.06.07"]
[Round "4"]
[White "Neuber, Pascal"]
[Black "Hecht, Jonas Christian"]
[Result "1-0"]
[Termination "normal"]
[Board "16"]
[WhiteElo "1802"]
[BlackElo "1938"]
[WhiteClock "00:05:53"]
[BlackClock "00:08:12"]
[PlyCount "79"]
[WhiteFideId "16227611"]
[BlackFideId "16214846"]
[EventCountry "GER"]
[EventRounds "9"]
[EventType "swiss"]
[EventDate "2022.06.04"]

1. e4 {[%clk 1:30:58]} e5 {[%clk 1:30:56]} 2. Nc3 {[%clk 1:31:03]} Nf6 {[%clk
1:31:16]} 3. f4 {[%clk 1:31:28]} d5 {[%clk 1:31:43]} 4. fxe5 {[%clk 1:31:55]}
Nxe4 {[%clk 1:32:09]} 5. Nf3 {[%clk 1:32:18]} Bc5 {[%clk 1:32:09]} 6. d4 {[%clk
1:30:22]} Bb4 {[%clk 1:32:30]} 7. Bd2 {[%clk 1:29:56]} c5 {[%clk 1:32:17]} 8.
a3 {[%clk 1:21:07]} Bxc3 {[%clk 1:31:33]} 9. Bxc3 {[%clk 1:19:55]} Bg4 {[%clk
1:24:41]} 10. Be2 {[%clk 1:07:41]} Nc6 {[%clk 1:22:15]} 11. Qd3 {[%clk
0:45:18]} cxd4 {[%clk 0:55:53]} 12. Bxd4 {[%clk 0:44:35]} O-O {[%clk 0:49:28]}
13. O-O {[%clk 0:41:21]} Rc8 {[%clk 0:47:08]} 14. c3 {[%clk 0:40:13]} Re8
{[%clk 0:43:09]} 15. Rad1 {[%clk 0:38:10]} Qe7 {[%clk 0:33:34]} 16. Qb5 {[%clk
0:26:24]} Red8 {[%clk 0:29:16]} 17. Rfe1 {[%clk 0:22:00]} Ng5 {[%clk 0:23:26]}
18. Bc5 {[%clk 0:16:39]} Nxf3+ {[%clk 0:21:02]} 19. gxf3 {[%clk 0:16:21]} Qg5
{[%clk 0:21:08]} 20. fxg4 {[%clk 0:16:25]} Nxe5 {[%clk 0:21:26]} 21. h3 {[%clk
0:13:35]} h5 {[%clk 0:18:04]} 22. h4 {[%clk 0:07:54]} Qf4 {[%clk 0:09:58]} 23.
Bf2 {[%clk 0:08:04]} Nxg4 {[%clk 0:09:25]} 24. Bxg4 {[%clk 0:08:03]} Qxg4+
{[%clk 0:09:50]} 25. Kf1 {[%clk 0:08:14]} Qh3+ {[%clk 0:10:14]} 26. Kg1 {[%clk
0:06:40]} Rd6 {[%clk 0:09:18]} 27. Rxd5 {[%clk 0:04:41]} Rxd5 {[%clk 0:08:35]}
28. Qxd5 {[%clk 0:04:47]} Rc6 {[%clk 0:08:51]} 29. Re8+ {[%clk 0:05:09]} Kh7
{[%clk 0:09:13]} 30. Re5 {[%clk 0:03:20]} Qg4+ {[%clk 0:06:38]} 31. Kf1 {[%clk
0:03:37]} f6 {[%clk 0:05:56]} 32. Qe4+ {[%clk 0:03:38]} Qxe4 {[%clk 0:06:07]}
33. Rxe4 {[%clk 0:04:07]} g5 {[%clk 0:06:26]} 34. Re7+ {[%clk 0:04:13]} Kg6
{[%clk 0:06:48]} 35. Rxb7 {[%clk 0:04:24]} a6 {[%clk 0:07:00]} 36. hxg5 {[%clk
0:04:42]} Kxg5 {[%clk 0:07:11]} 37. Rb4 {[%clk 0:04:58]} a5 {[%clk 0:07:24]}
38. Ra4 {[%clk 0:05:19]} Ra6 {[%clk 0:07:46]} 39. b4 {[%clk 0:05:33]} Rc6
{[%clk 0:08:12]} 40. Rxa5+ {[%clk 0:05:53]} 1-0

[Event "DEM U16 2022"]
[Site "Willingen GER"]
[Date "2022.06.10"]
[Round "8"]
[White "Lutsko, Artem"]
[Black "Foerster-Yialamas, Lucas"]
[Result "1-0"]
[Termination "normal"]
[Board "1"]
[BlackTitle "CM"]
[WhiteElo "2392"]
[BlackElo "2117"]
[WhiteClock "00:44:29"]
[BlackClock "00:29:16"]
[PlyCount "115"]
[WhiteFideId "14188767"]
[BlackFideId "30901774"]
[EventCountry "GER"]
[EventRounds "9"]
[EventType "swiss"]
[EventDate "2022.06.04"]

1. d4 {[%clk 1:30:58]} Nf6 {[%clk 1:30:55]} 2. c4 {[%clk 1:31:27]} g6 {[%clk
1:31:19]} 3. Nc3 {[%clk 1:31:54]} d5 {[%clk 1:31:44]} 4. cxd5 {[%clk 1:32:21]}
Nxd5 {[%clk 1:32:07]} 5. Bd2 {[%clk 1:32:49]} c5 {[%clk 1:29:14]} 6. e4 {[%clk
1:25:36]} Nxc3 {[%clk 1:29:33]} 7. Bxc3 {[%clk 1:26:03]} cxd4 {[%clk 1:29:25]}
8. Qxd4 {[%clk 1:20:32]} Qxd4 {[%clk 1:29:48]} 9. Bxd4 {[%clk 1:21:00]} f6
{[%clk 1:30:10]} 10. Bc4 {[%clk 1:17:08]} e5 {[%clk 1:27:54]} 11. Be3 {[%clk
1:17:33]} Bb4+ {[%clk 1:26:54]} 12. Ke2 {[%clk 1:17:14]} Ke7 {[%clk 1:24:27]}
13. Nf3 {[%clk 1:13:49]} Nc6 {[%clk 1:18:31]} 14. a3 {[%clk 1:09:40]} Bd6
{[%clk 1:18:51]} 15. Rac1 {[%clk 1:06:01]} Rd8 {[%clk 1:12:04]} 16. Nd2 {[%clk
1:05:31]} Be6 {[%clk 1:06:56]} 17. b4 {[%clk 0:59:15]} Rac8 {[%clk 0:56:38]}
18. Bxe6 {[%clk 0:48:46]} Kxe6 {[%clk 0:57:05]} 19. Nb3 {[%clk 0:49:11]} b6
{[%clk 0:51:32]} 20. b5 {[%clk 0:42:31]} Nb8 {[%clk 0:45:15]} 21. a4 {[%clk
0:42:41]} Nd7 {[%clk 0:45:32]} 22. a5 {[%clk 0:41:08]} Nc5 {[%clk 0:45:07]} 23.
Nxc5+ {[%clk 0:40:11]} Bxc5 {[%clk 0:45:29]} 24. Bxc5 {[%clk 0:39:38]} bxc5
{[%clk 0:36:01]} 25. Rhd1 {[%clk 0:31:09]} Rd4 {[%clk 0:27:08]} 26. Rxd4 {[%clk
0:30:53]} exd4 {[%clk 0:27:31]} 27. Kd3 {[%clk 0:30:54]} Kd6 {[%clk 0:26:51]}
28. Kc4 {[%clk 0:27:01]} Rb8 {[%clk 0:24:13]} 29. f4 {[%clk 0:24:07]} a6 {[%clk
0:09:45]} 30. b6 {[%clk 0:24:34]} Kc6 {[%clk 0:08:20]} 31. Re1 {[%clk 0:24:40]}
Rd8 {[%clk 0:07:17]} 32. Rd1 {[%clk 0:15:18]} Re8 {[%clk 0:04:24]} 33. Rb1
{[%clk 0:15:36]} Kb7 {[%clk 0:03:53]} 34. Re1 {[%clk 0:15:39]} Rd8 {[%clk
0:00:45]} 35. Kxc5 {[%clk 0:14:36]} d3 {[%clk 0:01:09]} 36. Rd1 {[%clk
0:12:32]} d2 {[%clk 0:00:57]} 37. e5 {[%clk 0:11:49]} fxe5 {[%clk 0:00:50]} 38.
fxe5 {[%clk 0:12:16]} Rd3 {[%clk 0:00:43]} 39. e6 {[%clk 0:12:11]} Kc8 {[%clk
0:00:34]} 40. Kc6 {[%clk 0:12:20]} Rc3+ {[%clk 0:00:50]} 41. Kd6 {[%clk
0:12:40]} Rd3+ {[%clk 0:29:09]} 42. Ke7 {[%clk 0:39:25]} Rd5 {[%clk 0:29:25]}
43. g4 {[%clk 0:39:22]} Rd3 {[%clk 0:29:38]} 44. Kf7 {[%clk 0:38:54]} Rf3+
{[%clk 0:30:02]} 45. Kg7 {[%clk 0:39:21]} Re3 {[%clk 0:30:25]} 46. Kxh7 {[%clk
0:39:36]} Rxe6 {[%clk 0:30:48]} 47. Rxd2 {[%clk 0:40:04]} g5 {[%clk 0:28:10]}
48. Rc2+ {[%clk 0:40:14]} Kb7 {[%clk 0:27:53]} 49. Rc7+ {[%clk 0:40:41]} Kb8
{[%clk 0:28:13]} 50. Rc5 {[%clk 0:41:09]} Re2 {[%clk 0:27:48]} 51. Rxg5 {[%clk
0:41:36]} Rxh2+ {[%clk 0:28:10]} 52. Rh5 {[%clk 0:42:03]} Ra2 {[%clk 0:28:33]}
53. Rc5 {[%clk 0:42:30]} Rh2+ {[%clk 0:28:49]} 54. Kg7 {[%clk 0:42:54]} Kb7
{[%clk 0:28:35]} 55. g5 {[%clk 0:43:18]} Rh5 {[%clk 0:28:30]} 56. Kg6 {[%clk
0:43:42]} Rh1 {[%clk 0:28:52]} 57. Rc7+ {[%clk 0:44:01]} Kb8 {[%clk 0:29:16]}
58. Ra7 {[%clk 0:44:29]} 1-0

[Event "DEM U16 2022"]
[Site "Willingen GER"]
[Date "2022.06.10"]
[Round "8"]
[White "Bakiev, Diyor"]
[Black "Laux, Dominik"]
[Result "1/2-1/2"]
[Termination "normal"]
[Board "2"]
[WhiteElo "2236"]
[BlackElo "2263"]
[WhiteClock "00:09:12"]
[BlackClock "00:05:20"]
[PlyCount "102"]
[WhiteFideId "16241584"]
[BlackFideId "12994219"]
[EventCountry "GER"]
[EventRounds "9"]
[EventType "swiss"]
[EventDate "2022.06.04"]

1. e4 {[%clk 1:30:57]} c5 {[%clk 1:30:31]} 2. Nf3 {[%clk 1:31:11]} d6 {[%clk
1:30:50]} 3. Bb5+ {[%clk 1:31:17]} Nd7 {[%clk 1:30:46]} 4. O-O {[%clk 1:31:27]}
a6 {[%clk 1:30:47]} 5. Bd3 {[%clk 1:31:50]} Ngf6 {[%clk 1:30:56]} 6. Re1 {[%clk
1:31:52]} e6 {[%clk 1:29:40]} 7. c3 {[%clk 1:31:46]} b5 {[%clk 1:29:46]} 8. Bc2
{[%clk 1:30:48]} c4 {[%clk 1:29:07]} 9. d4 {[%clk 1:20:06]} cxd3 {[%clk
1:29:26]} 10. Qxd3 {[%clk 1:19:04]} Bb7 {[%clk 1:27:26]} 11. a4 {[%clk
1:02:36]} Nc5 {[%clk 1:26:36]} 12. Qe2 {[%clk 1:02:04]} bxa4 {[%clk 1:26:13]}
13. Bxa4+ {[%clk 0:58:17]} Nxa4 {[%clk 1:26:30]} 14. Rxa4 {[%clk 0:58:42]} Be7
{[%clk 1:24:29]} 15. Rd4 {[%clk 0:54:19]} Qb8 {[%clk 1:18:14]} 16. e5 {[%clk
0:45:59]} dxe5 {[%clk 1:12:42]} 17. Nxe5 {[%clk 0:45:51]} O-O {[%clk 1:10:19]}
18. Bg5 {[%clk 0:42:50]} Qc7 {[%clk 1:04:17]} 19. Bxf6 {[%clk 0:25:09]} Bxf6
{[%clk 1:04:22]} 20. Rc4 {[%clk 0:23:12]} Qxe5 {[%clk 0:55:23]} 21. Qxe5 {[%clk
0:23:33]} Bxe5 {[%clk 0:55:49]} 22. Rxe5 {[%clk 0:24:00]} Rfd8 {[%clk 0:56:03]}
23. Re1 {[%clk 0:22:14]} a5 {[%clk 0:41:45]} 24. f3 {[%clk 0:19:08]} Rab8
{[%clk 0:40:23]} 25. Rc5 {[%clk 0:16:16]} Ba8 {[%clk 0:37:59]} 26. Na3 {[%clk
0:10:25]} Rxb2 {[%clk 0:37:04]} 27. Nc4 {[%clk 0:09:15]} Rc2 {[%clk 0:35:36]}
28. Nxa5 {[%clk 0:09:28]} g6 {[%clk 0:29:28]} 29. Nb3 {[%clk 0:08:49]} Bb7
{[%clk 0:21:11]} 30. Nd4 {[%clk 0:08:46]} Rd2 {[%clk 0:21:13]} 31. Rc7 {[%clk
0:04:08]} Ba6 {[%clk 0:19:44]} 32. Ra1 {[%clk 0:02:31]} Rb8 {[%clk 0:18:10]}
33. Ra7 {[%clk 0:01:18]} Bd3 {[%clk 0:16:00]} 34. Ra8 {[%clk 0:01:39]} Rxa8
{[%clk 0:15:42]} 35. Rxa8+ {[%clk 0:02:08]} Kg7 {[%clk 0:16:09]} 36. Rd8 {[%clk
0:02:14]} Kf6 {[%clk 0:11:37]} 37. Nb3 {[%clk 0:01:58]} Rd1+ {[%clk 0:10:43]}
38. Kf2 {[%clk 0:02:25]} Ke7 {[%clk 0:08:42]} 39. Rd4 {[%clk 0:01:12]} e5
{[%clk 0:06:30]} 40. Rb4 {[%clk 0:01:08]} h5 {[%clk 0:01:23]} 41. h4 {[%clk
0:25:58]} Kd6 {[%clk 0:26:25]} 42. Rb8 {[%clk 0:23:14]} f5 {[%clk 0:23:33]} 43.
g3 {[%clk 0:17:52]} Rf1+ {[%clk 0:13:14]} 44. Kg2 {[%clk 0:15:17]} Rb1 {[%clk
0:10:57]} 45. Rd8+ {[%clk 0:15:10]} Ke7 {[%clk 0:11:21]} 46. Rxd3 {[%clk
0:15:30]} Rxb3 {[%clk 0:11:46]} 47. Rd5 {[%clk 0:12:06]} Ke6 {[%clk 0:10:45]}
48. Rc5 {[%clk 0:12:03]} Kd6 {[%clk 0:10:05]} 49. Rc8 {[%clk 0:11:11]} Rb2+
{[%clk 0:10:16]} 50. Kf1 {[%clk 0:10:29]} Kd5 {[%clk 0:07:04]} 51. Rg8 {[%clk
0:09:12]} Rb6 {[%clk 0:05:20]} 1/2-1/2

[Event "DEM U16 2022"]
[Site "Willingen GER"]
[Date "2022.06.10"]
[Round "8"]
[White "Ohler, Julius"]
[Black "Petrovskyi, Vadym"]
[Result "0-1"]
[Termination "normal"]
[Board "3"]
[WhiteElo "2011"]
[BlackElo "2330"]
[WhiteClock "00:28:13"]
[BlackClock "00:23:42"]
[PlyCount "64"]
[WhiteFideId "16238982"]
[BlackFideId "14165210"]
[EventCountry "GER"]
[EventRounds "9"]
[EventType "swiss"]
[EventDate "2022.06.04"]

1. c4 {[%clk 1:30:57]} Nf6 {[%clk 1:30:22]} 2. g3 {[%clk 1:31:05]} g6 {[%clk
1:30:26]} 3. Bg2 {[%clk 1:31:11]} Bg7 {[%clk 1:30:43]} 4. Nc3 {[%clk 1:31:30]}
O-O {[%clk 1:29:32]} 5. d3 {[%clk 1:31:25]} d6 {[%clk 1:28:50]} 6. Nf3 {[%clk
1:28:03]} e5 {[%clk 1:23:08]} 7. e4 {[%clk 1:25:22]} Nc6 {[%clk 1:13:59]} 8.
O-O {[%clk 1:20:25]} Nd7 {[%clk 1:08:37]} 9. Bg5 {[%clk 1:13:02]} f6 {[%clk
0:54:28]} 10. Be3 {[%clk 1:10:43]} f5 {[%clk 0:43:26]} 11. exf5 {[%clk
0:47:02]} gxf5 {[%clk 0:43:05]} 12. Ng5 {[%clk 0:37:14]} Nf6 {[%clk 0:40:46]}
13. c5 {[%clk 0:34:41]} d5 {[%clk 0:34:49]} 14. d4 {[%clk 0:34:41]} exd4 {[%clk
0:30:05]} 15. Bxd4 {[%clk 0:34:56]} Nxd4 {[%clk 0:30:31]} 16. Qxd4 {[%clk
0:35:20]} Ne4 {[%clk 0:30:24]} 17. Qxd5+ {[%clk 0:33:38]} Qxd5 {[%clk 0:30:47]}
18. Nxd5 {[%clk 0:34:02]} Nxg5 {[%clk 0:31:10]} 19. Nxc7 {[%clk 0:34:22]} Rb8
{[%clk 0:31:09]} 20. Rad1 {[%clk 0:33:52]} Bxb2 {[%clk 0:26:44]} 21. Rb1 {[%clk
0:33:41]} Be5 {[%clk 0:27:10]} 22. Nb5 {[%clk 0:30:28]} a6 {[%clk 0:24:49]} 23.
Na7 {[%clk 0:28:08]} Ne4 {[%clk 0:23:45]} 24. Bxe4 {[%clk 0:26:21]} fxe4 {[%clk
0:24:11]} 25. Nxc8 {[%clk 0:26:24]} Rfxc8 {[%clk 0:24:04]} 26. Rfe1 {[%clk
0:26:49]} Rxc5 {[%clk 0:23:33]} 27. Rxe4 {[%clk 0:27:13]} b5 {[%clk 0:23:30]}
28. a4 {[%clk 0:27:25]} Bc3 {[%clk 0:22:51]} 29. Re6 {[%clk 0:27:39]} b4 {[%clk
0:22:43]} 30. Rxa6 {[%clk 0:27:59]} b3 {[%clk 0:23:12]} 31. Re6 {[%clk
0:28:01]} b2 {[%clk 0:23:33]} 32. Re2 {[%clk 0:28:13]} Bg7 {[%clk 0:23:42]} 0-1

[Event "DEM U16 2022"]
[Site "Willingen GER"]
[Date "2022.06.10"]
[Round "8"]
[White "Sidletskyi, Ivan"]
[Black "Farokhi, Keyvan"]
[Result "1/2-1/2"]
[Termination "normal"]
[Board "4"]
[WhiteElo "2084"]
[BlackElo "2360"]
[WhiteClock "00:00:34"]
[BlackClock "00:06:25"]
[PlyCount "148"]
[WhiteFideId "14156024"]
[BlackFideId "12998630"]
[EventCountry "GER"]
[EventRounds "9"]
[EventType "swiss"]
[EventDate "2022.06.04"]

1. e4 {[%clk 1:30:32]} c5 {[%clk 1:30:46]} 2. Nf3 {[%clk 1:30:38]} d6 {[%clk
1:31:09]} 3. d4 {[%clk 1:29:28]} cxd4 {[%clk 1:31:31]} 4. Qxd4 {[%clk 1:29:09]}
Nf6 {[%clk 1:31:51]} 5. Nc3 {[%clk 1:25:30]} Nc6 {[%clk 1:32:03]} 6. Bb5 {[%clk
1:25:24]} Bd7 {[%clk 1:32:24]} 7. Bxc6 {[%clk 1:25:20]} Bxc6 {[%clk 1:32:46]}
8. Bg5 {[%clk 1:24:29]} e6 {[%clk 1:32:57]} 9. O-O-O {[%clk 1:23:48]} Be7
{[%clk 1:32:59]} 10. Qd3 {[%clk 1:20:52]} O-O {[%clk 1:32:08]} 11. Nd4 {[%clk
1:18:41]} Qa5 {[%clk 1:26:46]} 12. f4 {[%clk 1:17:04]} Rfc8 {[%clk 1:14:04]}
13. Kb1 {[%clk 1:11:21]} Rab8 {[%clk 1:09:52]} 14. h4 {[%clk 1:07:03]} b5
{[%clk 0:59:06]} 15. e5 {[%clk 0:53:38]} dxe5 {[%clk 0:43:20]} 16. fxe5 {[%clk
0:52:45]} b4 {[%clk 0:43:03]} 17. exf6 {[%clk 0:47:29]} bxc3 {[%clk 0:43:10]}
18. Nb3 {[%clk 0:34:59]} Rxb3 {[%clk 0:39:35]} 19. axb3 {[%clk 0:28:11]} cxb2
{[%clk 0:39:29]} 20. Kxb2 {[%clk 0:28:16]} Bb5 {[%clk 0:13:11]} 21. Qd4 {[%clk
0:21:17]} Bc5 {[%clk 0:12:31]} 22. Qe4 {[%clk 0:09:10]} Bb4 {[%clk 0:09:59]}
23. Rh3 {[%clk 0:08:10]} Bc3+ {[%clk 0:09:07]} 24. Rxc3 {[%clk 0:08:31]} Qxc3+
{[%clk 0:09:34]} 25. Kb1 {[%clk 0:08:30]} Bc6 {[%clk 0:09:05]} 26. Qe2 {[%clk
0:06:30]} Bd5 {[%clk 0:06:02]} 27. Rd3 {[%clk 0:05:46]} Qb4 {[%clk 0:06:05]}
28. Qd2 {[%clk 0:02:34]} Qb6 {[%clk 0:02:06]} 29. fxg7 {[%clk 0:02:41]} a5
{[%clk 0:01:55]} 30. Rc3 {[%clk 0:02:16]} Ra8 {[%clk 0:02:01]} 31. Qe3 {[%clk
0:01:29]} Qxe3 {[%clk 0:01:15]} 32. Bxe3 {[%clk 0:01:08]} Kxg7 {[%clk 0:00:51]}
33. Bd4+ {[%clk 0:01:30]} Kg6 {[%clk 0:00:46]} 34. Rg3+ {[%clk 0:01:30]} Kf5
{[%clk 0:01:07]} 35. Rg7 {[%clk 0:00:55]} Ke4 {[%clk 0:00:38]} 36. Bb2 {[%clk
0:00:56]} f5 {[%clk 0:00:38]} 37. c4 {[%clk 0:01:05]} Bc6 {[%clk 0:01:05]} 38.
Rxh7 {[%clk 0:01:24]} Kd3 {[%clk 0:01:15]} 39. Rg7 {[%clk 0:01:10]} f4 {[%clk
0:00:49]} 40. h5 {[%clk 0:00:53]} a4 {[%clk 0:00:34]} 41. bxa4 {[%clk 0:18:01]}
Rxa4 {[%clk 0:27:35]} 42. h6 {[%clk 0:14:44]} Kd2 {[%clk 0:26:13]} 43. Be5
{[%clk 0:14:08]} Rxc4 {[%clk 0:19:05]} 44. Kb2 {[%clk 0:13:13]} Be4 {[%clk
0:17:57]} 45. Bxf4+ {[%clk 0:13:09]} Ke2 {[%clk 0:18:11]} 46. g4 {[%clk
0:11:28]} Kf3 {[%clk 0:15:19]} 47. Bd6 {[%clk 0:09:08]} Bd3 {[%clk 0:12:19]}
48. g5 {[%clk 0:08:44]} Rh4 {[%clk 0:12:34]} 49. Kc3 {[%clk 0:02:55]} Bf5
{[%clk 0:12:20]} 50. Be5 {[%clk 0:01:43]} Ke4 {[%clk 0:09:17]} 51. Bf6 {[%clk
0:01:49]} Kf3 {[%clk 0:08:04]} 52. Rb7 {[%clk 0:01:00]} Bg6 {[%clk 0:07:27]}
53. Rb6 {[%clk 0:00:58]} Bf5 {[%clk 0:07:05]} 54. Rb8 {[%clk 0:00:58]} Bg6
{[%clk 0:03:56]} 55. Rf8 {[%clk 0:01:26]} Kg3 {[%clk 0:03:22]} 56. Be7 {[%clk
0:01:13]} Kg4 {[%clk 0:02:43]} 57. Kd4 {[%clk 0:01:25]} Rh5 {[%clk 0:02:47]}
58. Ke5 {[%clk 0:01:11]} Rxg5+ {[%clk 0:01:44]} 59. Bxg5 {[%clk 0:01:30]} Kxg5
{[%clk 0:02:09]} 60. Rg8 {[%clk 0:01:02]} Kxh6 {[%clk 0:02:29]} 61. Kf6 {[%clk
0:01:14]} Bf5 {[%clk 0:02:30]} 62. Rh8+ {[%clk 0:00:54]} Bh7 {[%clk 0:02:59]}
63. Kxe6 {[%clk 0:00:38]} Kg7 {[%clk 0:03:20]} 64. Rd8 {[%clk 0:00:51]} Bg8+
{[%clk 0:03:32]} 65. Kf5 {[%clk 0:00:37]} Kh8 {[%clk 0:03:42]} 66. Rd7 {[%clk
0:00:36]} Bh7+ {[%clk 0:03:54]} 67. Kf6 {[%clk 0:00:55]} Bg8 {[%clk 0:04:11]}
68. Rd8 {[%clk 0:01:11]} Kh7 {[%clk 0:04:39]} 69. Rd2 {[%clk 0:00:42]} Kh8
{[%clk 0:05:02]} 70. Kg6 {[%clk 0:01:01]} Bh7+ {[%clk 0:05:21]} 71. Kf7 {[%clk
0:01:17]} Bg8+ {[%clk 0:05:44]} 72. Kf6 {[%clk 0:01:28]} Bh7 {[%clk 0:05:57]}
73. Rd8+ {[%clk 0:00:47]} Bg8 {[%clk 0:06:25]} 74. Rxg8+ {[%clk 0:00:34]} Kxg8
1/2-1/2